CUET(UG) 10 Mock Test Papers (Chemistry (Record no. 12690)

MARC details
000 -LEADER
fixed length control field 00263nam a22000977a 4500
008 - FIXED-LENGTH DATA ELEMENTS--GENERAL INFORMATION
fixed length control field 240921b |||||||| |||| 00| 0 eng d
020 ## - INTERNATIONAL STANDARD BOOK NUMBER
International Standard Book Number 9789357288118
100 ## - MAIN ENTRY--PERSONAL NAME
Personal name Oswaal Books
245 ## - TITLE STATEMENT
Title CUET(UG) 10 Mock Test Papers (Chemistry
260 ## - PUBLICATION, DISTRIBUTION, ETC. (IMPRINT)
Place of publication, distribution, etc. New Delhi
Name of publisher, distributor, etc. Oswaal Books
Holdings
Withdrawn status Lost status Source of classification or shelving scheme Damaged status Koha normalized classification for sorting Not for loan Home library Current library Shelving location Date acquired Total Checkouts Full call number Barcode Date last seen Price effective from Koha item type
    Dewey Decimal Classification   OSW_540_000000000000000   Good Samaritan School Library Good Samaritan School Library Chemistry 09/21/2024   OSW540 OSW17987 09/21/2024 09/21/2024 BOOK

Powered by Koha